000 00454nam a2200193Ia 4500
008 240510s9999 xx 000 0 und d
020 _a0001567615279
041 _aEng
082 _a006.6
082 _bA47
100 _aAISPACH T.
245 4 _aTHE COMPLETE IDIOTS GUIDE TO PHOTOSHOP
260 _bINDIANAPOLIS : ALPHA BOOKS
260 _c1994
300 _a313 p.
650 _aIDIOTS PHOTO SHOP : PROGRAMS
942 _2ddc
942 _cLBK
999 _c26546
_d26546
945 _a1
_bMadushi Gamage
_c1
_dMadushi Gamage